FIFA World Cup Finals Quiz - Statistics

General Stats
  • This quiz has been taken 303 times
    161 since last reset
  • The average score is 84 of 159
Answer Stats
Year Answer % Correct
1930 | 1978 | 1986 | +3 others Argentina
100%
1938 | 1998 | 2006 | +2 others France
100%
2002 | 2006 | 2014 Germany
93%
2022 Qatar
93%
1954 | 1966 | 1974 | +3 others West Germany
93%
1950 | 1958 | 1962 | +5 others Brazil
91%
2018 Kylian Mbappe
91%
2022 Kylian Mbappe (3)
91%
2022 Lionel Messi (2)
89%
1982 | 2010 Spain
89%
1934 | 1938 | 1970 | +4 others Italy
86%
2018 Russia
86%
1974 | 1978 | 2010 Netherlands
83%
2018 Croatia
81%
2010 South Africa
80%
1930 | 1950 Uruguay
80%
2022 Angel Di Maria
79%
1966 England
79%
1970 | 1986 Mexico
74%
1958 Sweden
74%
2014 Mario Gotze
73%
2002 Ronaldo (2)
73%
1994 USA
73%
2006 Zinedine Zidane
73%
1998 Zinedine Zidane (2)
73%
2010 Andres Iniesta
72%
2002 Japan
72%
2002 South Korea
72%
1970 Pele
70%
1958 Pele (2)
70%
2018 Antoine Griezmann
65%
1938 | 1954 Hungary
64%
2018 Paul Pogba
62%
1962 Chile
59%
2018 Mario Mandzukic
59%
2018 Mario Mandzukic (OG)
59%
1954 Switzerland
58%
2018 Ivan Perisic
54%
1950 | 2014 Estadio Do Maracana
51%
1974 Gerd Muller
50%
1934 | 1962 Czechoslovakia
48%
1978 Mario Kempes (2)
44%
2022 Lusail Stadium
41%
1966 Wembley Stadium
41%
2006 Marco Materazzi
40%
2006 Olympiastadion
39%
1954 Ferenc Puskas
38%
1974 Olympiastadion
38%
1982 Paolo Rossi
38%
1998 Emmanuel Petit
37%
1982 Santiago Bernabeu
35%
1998 Stade de France
33%
1966 Geoff Hurst (3)
32%
1970 | 1986 Estadio Azteca
30%
1970 Jairzinho
30%
1986 Karl-Heinz Rummenigge
27%
1990 Andreas Brehme
26%
1986 Rudi Voller
26%
1970 Carlos Alberto
25%
1990 Stadio Olimpico
24%
1962 Vava
24%
1958 Vava (2)
24%
2018 Luzhniki Stadium
23%
1986 Jorge Luis Burruchaga
21%
2010 Soccer City
21%
1954 Helmut Rahn (2)
20%
1986 Jorge Valdano
20%
1994 Rose Bowl
19%
1974 Johan Neeskens
18%
1982 Marco Tardelli
17%
1974 | 1982 Paul Breitner
17%
1986 Jose Luis Brown
16%
1966 Martin Peters
15%
1982 Alessandro Altobelli
14%
1930 Guillermo Stabile
14%
1950 Alcides Ghiggia
13%
1978 Estadio Monumental
12%
1950 Juan Alberto Schiaffino
12%
1930 Estadio Centenario
11%
1970 Gerson
11%
1958 Nils Liedholm
11%
1938 Silvio Piola (2)
11%
1978 Daniel Bertoni
10%
1978 Dick Nanninga
10%
1962 Josef Masopust
10%
1970 Roberto Boninsegna
10%
1954 Wankdorf Stadium
10%
1934 Angelo Schiavio
9%
1934 Antonin Puc
9%
1950 Friaca
9%
1958 Mario Zagallo
9%
1954 Max Morlock
9%
1934 Raimundo Orsi
9%
1962 Estadio Nacional
8%
1966 Helmut Haller
8%
1966 Wolfgang Weber
8%
1954 Zoltan Czibor
8%
1962 Amarildo
7%
1938 Gino Colaussi (2)
7%
1938 Gyorgy Sarosi
7%
1938 Pal Titkos
7%
1930 Pedro Cea
7%
1938 Stade Olympique de Colombes
7%
1958 Agne Simonsson
6%
1930 Carlos Peucelle
6%
1930 Hector Castro
6%
2002 International Stadium
6%
1958 Rasunda Stadium
6%
1930 Santos Iriarte
6%
1934 Stadio Nazionale PNF
6%
1962 Zito
6%
1930 Pablo Dorado
5%
No matching quizzes found
Score Distribution
Percent of People with Each Score
Percentile by Number Answered
Your Score History
You have not taken this quiz since the last reset